000 00283nam a22001337a 4500
008 170201b xxu||||| |||| 00| 0 eng d
020 _a9780716722823
041 _aeng
080 _a61
100 _a3
101 _aSHM
245 _aRECOMBINAT DNA
_cWATSON
942 _2udc
_cBK
999 _c4228
_d4228